000
00324nam a2200133Ia 4500
005
20260328104302.0
008
260328s9999||||xx |||||||||||||| ||und||
100
_a
Maquiavelo, Nicolás
245
0
_a
El Príncipe /
_c
Nicolás Maquiavelo
260
_b
Alba
300
_a
127 p.
650
_a
Ciencia politica
942
_c
BK
999
_c
10620
_d
10620